[Event "Blitz 2018"]
[Site "Saint-Petersburg"]
[Date "2018.12.29"]
[Round "3"]
[Board "83"]
[White "Jones Gawain C B (ENG)"]
[Black "Shinkevich Vitaly (RUS)"]
[Result "0-1"]
[LiveChessVersion "1.4.8"]
[BlackElo "2445"]
[WhiteElo "2722"]

1. Nf3 {[%clk 0:03:03]} Nf6 {[%clk 0:03:01]} 2. g3 {[%clk 0:03:03]} g6
{[%clk 0:03:02]} 3. b3 {[%clk 0:03:04]} Bg7 {[%clk 0:03:02]} 4. Bb2
{[%clk 0:03:05]} c5 {[%clk 0:03:02]} 5. Bg2 {[%clk 0:03:06]} O-O {[%clk 0:03:03]}
6. c4 {[%clk 0:03:05]} d6 {[%clk 0:03:03]} 7. O-O {[%clk 0:03:04]} e5
{[%clk 0:03:04]} 8. e3 {[%clk 0:03:02]} Nc6 {[%clk 0:03:03]} 9. h3
{[%clk 0:03:01]} Bf5 {[%clk 0:02:38]} 10. d3 {[%clk 0:02:57]} Rb8
{[%clk 0:02:27]} 11. Nc3 {[%clk 0:02:51]} a6 {[%clk 0:02:26]} 12. Nh4
{[%clk 0:02:08]} Bd7 {[%clk 0:02:22]} 13. Ne4 {[%clk 0:01:58]} Qe7
{[%clk 0:02:14]} 14. Rb1 {[%clk 0:01:48]} b5 {[%clk 0:02:07]} 15. Kh2
{[%clk 0:01:47]} Nh5 {[%clk 0:02:02]} 16. Nc3 {[%clk 0:01:44]} f5
{[%clk 0:02:00]} 17. Nd5 {[%clk 0:01:44]} Qf7 {[%clk 0:02:00]} 18. Nc7
{[%clk 0:01:30]} Kh8 {[%clk 0:01:53]} 19. Nxa6 {[%clk 0:01:30]} Rb6
{[%clk 0:01:54]} 20. cxb5 {[%clk 0:01:31]} Rxb5 {[%clk 0:01:55]} 21. Nc7
{[%clk 0:01:30]} Rb7 {[%clk 0:01:51]} 22. Nd5 {[%clk 0:01:30]} g5
{[%clk 0:01:45]} 23. Nf3 {[%clk 0:01:30]} h6 {[%clk 0:01:42]} 24. Nd2
{[%clk 0:01:27]} Ra7 {[%clk 0:01:42]} 25. Nc4 {[%clk 0:01:22]} Rxa2
{[%clk 0:01:25]} 26. Nxd6 {[%clk 0:01:23]} Qg6 {[%clk 0:01:26]} 27. Nb7
{[%clk 0:01:16]} f4 {[%clk 0:01:13]} 28. Nxc5 {[%clk 0:01:11]} Bc8
{[%clk 0:01:15]} 29. Be4 {[%clk 0:01:07]} Qf7 {[%clk 0:01:15]} 30. g4
{[%clk 0:00:58]} Nf6 {[%clk 0:01:06]} 31. Nxf6 {[%clk 0:00:58]} Qxf6
{[%clk 0:01:05]} 32. Qf3 {[%clk 0:00:49]} Ne7 {[%clk 0:00:59]} 33. d4
{[%clk 0:00:47]} Ng6 {[%clk 0:00:56]} 34. Nd3 {[%clk 0:00:38]} Nh4
{[%clk 0:00:47]} 35. Qd1 {[%clk 0:00:38]} exd4 {[%clk 0:00:42]} 36. Bxd4
{[%clk 0:00:37]} Qe7 {[%clk 0:00:43]} 37. Bc5 {[%clk 0:00:23]} Qxe4
{[%clk 0:00:44]} 38. Ne1 {[%clk 0:00:20]} fxe3 {[%clk 0:00:32]} 39. Bxf8
{[%clk 0:00:15]} Be5+ {[%clk 0:00:33]} 40. Kg1 {[%clk 0:00:16]} e2
{[%clk 0:00:22]} 41. Qd3 {[%clk 0:00:07]} exf1=R+ {[%clk 0:00:16]} 42. Qxf1
{[%clk 0:00:08]} Bb7 {[%clk 0:00:11]} 43. Ng2 {[%clk 0:00:04]} Qxg2+
{[%clk 0:00:05]} 44. Qxg2 {[%clk 0:00:05]} Bxg2 {[%clk 0:00:06]} 45. b4
{[%clk 0:00:04]} Bxh3 {[%clk 0:00:06]} 46. Bc5 {[%clk 0:00:04]} Bxg4
{[%clk 0:00:07]} 47. b5 {[%clk 0:00:04]} Bf3 {[%clk 0:00:07]} 48. b6
{[%clk 0:00:05]} Bb7 {[%clk 0:00:07]} 49. Rd1 {[%clk 0:00:05]} Rc2
{[%clk 0:00:03]} 50. Rd8+ {[%clk 0:00:06]} Kh7 {[%clk 0:00:05]} 51. Rd7+
{[%clk 0:00:07]} Kg6 {[%clk 0:00:06]} 52. Rxb7 {[%clk 0:00:07]} Rxc5
{[%clk 0:00:07]} 53. Kf1 {[%clk 0:00:07]} Rb5 {[%clk 0:00:08]} 54. Re7
{[%clk 0:00:07]} Bd4 {[%clk 0:00:08]} 55. b7 {[%clk 0:00:08]} Ba7
{[%clk 0:00:07]} 56. Ke2 {[%clk 0:00:08]} Nf5 {[%clk 0:00:07]} 57. Rd7
{[%clk 0:00:08]} h5 {[%clk 0:00:06]} 58. Kd3 {[%clk 0:00:09]} h4 {[%clk 0:00:07]}
59. Kc4 {[%clk 0:00:10]} Rb1 {[%clk 0:00:07]} 60. Kc3 {[%clk 0:00:05]} Bxf2
{[%clk 0:00:05]} 61. Kc2 {[%clk 0:00:04]} Rb5 {[%clk 0:00:04]} 62. Kd3
{[%clk 0:00:04]} Bg3 {[%clk 0:00:05]} 63. Ke4 {[%clk 0:00:05]} Rb4+
{[%clk 0:00:05]} 64. Kf3 {[%clk 0:00:05]} g4+ {[%clk 0:00:06]} 65. Ke2
{[%clk 0:00:06]} h3 {[%clk 0:00:07]} 66. Kd3 {[%clk 0:00:04]} h2 {[%clk 0:00:07]}
67. Kc3 {[%clk 0:00:06]} Rb6 {[%clk 0:00:07]} 68. Rd1 {[%clk 0:00:06]} Rxb7
{[%clk 0:00:08]} 69. Rf1 {[%clk 0:00:06]} Kg5 {[%clk 0:00:08]} 70. Kd3
{[%clk 0:00:07]} Rb3+ {[%clk 0:00:09]} 71. Ke4 {[%clk 0:00:07]} Rf3
{[%clk 0:00:10]} 72. Ra1 {[%clk 0:00:07]} Bf4 {[%clk 0:00:10]} 73. Kd5
{[%clk 0:00:07]} g3 {[%clk 0:00:10]} 74. Ke6 {[%clk 0:00:08]} Re3+
{[%clk 0:00:10]} 75. Kf7 {[%clk 0:00:10]} Re7+ {[%clk 0:00:11]} 76. Kf8
{[%clk 0:00:10]} g2 {[%clk 0:00:10]} 77. Ra3 {[%clk 0:00:03]} h1=Q
{[%clk 0:00:06]} 78. Rg3+ 0-1

[Event "Blitz 2018"]
[Site "Saint-Petersburg"]
[Date "2018.12.29"]
[Round "3"]
[Board "84"]
[White "Zablotsky Sergei (RUS)"]
[Black "Bocharov Ivan (RUS)"]
[Result "1-0"]
[LiveChessVersion "1.4.8"]
[BlackElo "2715"]
[WhiteElo "2459"]

1. d4 {[%clk 0:03:03]} d5 {[%clk 0:03:04]} 2. c4 {[%clk 0:03:01]} c6
{[%clk 0:03:05]} 3. Nf3 {[%clk 0:03:00]} Nf6 {[%clk 0:03:06]} 4. g3
{[%clk 0:02:59]} Bg4 {[%clk 0:03:03]} 5. Bg2 {[%clk 0:02:57]} e6 {[%clk 0:03:01]}
6. Ne5 {[%clk 0:02:56]} Bf5 {[%clk 0:02:36]} 7. Nc3 {[%clk 0:02:57]} Nbd7
{[%clk 0:02:35]} 8. O-O {[%clk 0:02:55]} Nxe5 {[%clk 0:02:29]} 9. dxe5
{[%clk 0:02:56]} Nd7 {[%clk 0:02:30]} 10. cxd5 {[%clk 0:02:55]} cxd5
{[%clk 0:02:15]} 11. Nb5 {[%clk 0:02:34]} a6 {[%clk 0:02:06]} 12. Nd6+
{[%clk 0:02:34]} Bxd6 {[%clk 0:02:07]} 13. exd6 {[%clk 0:02:35]} O-O
{[%clk 0:02:07]} 14. Qb3 {[%clk 0:02:19]} Nc5 {[%clk 0:01:56]} 15. Qa3
{[%clk 0:02:18]} Qxd6 {[%clk 0:01:53]} 16. Bf4 {[%clk 0:02:19]} Qe7
{[%clk 0:01:46]} 17. Rac1 {[%clk 0:02:14]} Rac8 {[%clk 0:01:39]} 18. Be3
{[%clk 0:02:03]} b6 {[%clk 0:01:38]} 19. b4 {[%clk 0:02:03]} Nd7 {[%clk 0:01:30]}
20. Rxc8 {[%clk 0:02:00]} Rxc8 {[%clk 0:01:32]} 21. Qxa6 {[%clk 0:02:00]} Qd8
{[%clk 0:01:04]} 22. a4 {[%clk 0:01:56]} h6 {[%clk 0:00:51]} 23. Qb5
{[%clk 0:01:46]} Rb8 {[%clk 0:00:14]} 24. Rc1 {[%clk 0:01:41]} Rc8
{[%clk 0:00:10]} 25. Rc6 {[%clk 0:01:12]} Rxc6 {[%clk 0:00:11]} 26. Qxc6
{[%clk 0:01:13]} Be4 {[%clk 0:00:08]} 27. Bxe4 {[%clk 0:01:09]} dxe4
{[%clk 0:00:09]} 28. Qxe4 {[%clk 0:01:08]} Nf6 {[%clk 0:00:11]} 29. Qd4
{[%clk 0:01:08]} Qa8 {[%clk 0:00:10]} 30. Qxb6 {[%clk 0:00:34]} Qxa4
{[%clk 0:00:11]} 31. Qd8+ {[%clk 0:00:31]} Kh7 {[%clk 0:00:07]} 32. Qd3+
{[%clk 0:00:30]} Kg8 {[%clk 0:00:07]} 33. Bc5 {[%clk 0:00:29]} Nd5
{[%clk 0:00:06]} 34. Qd4 {[%clk 0:00:23]} Qb3 {[%clk 0:00:06]} 35. Kg2
{[%clk 0:00:17]} f5 {[%clk 0:00:06]} 36. Qe5 {[%clk 0:00:11]} Kf7
{[%clk 0:00:07]} 37. e4 {[%clk 0:00:12]} fxe4 {[%clk 0:00:07]} 38. Qxe4
{[%clk 0:00:13]} Qb2 {[%clk 0:00:07]} 39. Qf3+ {[%clk 0:00:14]} Ke8
{[%clk 0:00:07]} 40. Qg4 {[%clk 0:00:14]} Kf7 {[%clk 0:00:07]} 41. Qe4
{[%clk 0:00:15]} Qa2 {[%clk 0:00:05]} 42. h4 {[%clk 0:00:16]} Qb2
{[%clk 0:00:06]} 43. h5 {[%clk 0:00:17]} Nf6 {[%clk 0:00:04]} 44. Qb7+
{[%clk 0:00:14]} Kg8 {[%clk 0:00:06]} 45. Qf3 {[%clk 0:00:14]} Qb1
{[%clk 0:00:06]} 46. Qe3 {[%clk 0:00:11]} Kf7 {[%clk 0:00:06]} 47. Qf3
{[%clk 0:00:10]} Kg8 {[%clk 0:00:07]} 48. Bd4 {[%clk 0:00:11]} Kf7
{[%clk 0:00:07]} 49. Bxf6 {[%clk 0:00:11]} gxf6 {[%clk 0:00:09]} 50. Qg4
{[%clk 0:00:11]} f5 {[%clk 0:00:06]} 51. Qg6+ Ke7 52. Qg7+ {[%clk 0:00:13]} Ke8
{[%clk 0:00:08]} 53. Qxh6 {[%clk 0:00:13]} Qe4+ {[%clk 0:00:09]} 54. Kh2
{[%clk 0:00:13]} Qe2 {[%clk 0:00:09]} 55. Qe3 {[%clk 0:00:08]} Qxh5+ 56. Kg2 Kd7
{[%clk 0:00:10]} 57. b5 {[%clk 0:00:10]} f4 {[%clk 0:00:11]} 58. Qd4+
{[%clk 0:00:09]} Ke7 {[%clk 0:00:12]} 59. Qb4+ {[%clk 0:00:09]} Ke8
{[%clk 0:00:11]} 60. gxf4 {[%clk 0:00:06]} Qg4+ {[%clk 0:00:12]} 61. Kf1
{[%clk 0:00:07]} Qd1+ {[%clk 0:00:13]} 62. Qe1 {[%clk 0:00:09]} Qd3+
{[%clk 0:00:14]} 63. Qe2 {[%clk 0:00:10]} Qb1+ {[%clk 0:00:16]} 64. Kg2
{[%clk 0:00:12]} Kf7 {[%clk 0:00:16]} 65. Qh5+ {[%clk 0:00:12]} Ke7
{[%clk 0:00:17]} 66. Qe5 {[%clk 0:00:13]} Kf7 {[%clk 0:00:17]} 67. Kf3
{[%clk 0:00:12]} Qd3+ {[%clk 0:00:18]} 68. Kg2 {[%clk 0:00:13]} Qb1
{[%clk 0:00:19]} 69. Qh5+ {[%clk 0:00:14]} Ke7 {[%clk 0:00:21]} 70. Qg5+
{[%clk 0:00:15]} Kf7 {[%clk 0:00:22]} 71. Qc5 {[%clk 0:00:16]} Qe4+
{[%clk 0:00:22]} 72. Kg3 {[%clk 0:00:17]} Qg6+ {[%clk 0:00:23]} 73. Kf3
{[%clk 0:00:18]} Qd3+ {[%clk 0:00:23]} 74. Kg4 {[%clk 0:00:19]} Qd1+
{[%clk 0:00:24]} 75. f3 {[%clk 0:00:20]} Qb1 {[%clk 0:00:23]} 76. f5
{[%clk 0:00:19]} Qb2 {[%clk 0:00:13]} 77. Qc7+ {[%clk 0:00:16]} Kf6
{[%clk 0:00:13]} 78. Qd8+ {[%clk 0:00:17]} Kf7 {[%clk 0:00:14]} 79. Qd7+
{[%clk 0:00:18]} Kf8 80. Qd6+ {[%clk 0:00:18]} Ke8 {[%clk 0:00:14]} 81. Qxe6+
{[%clk 0:00:19]} Kf8 {[%clk 0:00:15]} 82. b6 {[%clk 0:00:18]} Qd4+
{[%clk 0:00:16]} 83. Kg5 {[%clk 0:00:19]} Qg1+ {[%clk 0:00:17]} 84. Kf4
{[%clk 0:00:20]} Qc1+ {[%clk 0:00:18]} 85. Ke4 {[%clk 0:00:20]} Qb1+
{[%clk 0:00:19]} 86. Kd5 {[%clk 0:00:21]} Qb3+ {[%clk 0:00:20]} 87. Kc5
{[%clk 0:00:20]} Qc3+ {[%clk 0:00:21]} 88. Kb5 {[%clk 0:00:21]} Qb2+
{[%clk 0:00:23]} 89. Ka6 {[%clk 0:00:20]} Qa3+ {[%clk 0:00:24]} 90. Kb7
{[%clk 0:00:19]} Qxf3+ {[%clk 0:00:25]} 91. Kc7 {[%clk 0:00:20]} Qc3+
{[%clk 0:00:25]} 92. Qc6 {[%clk 0:00:21]} Qg7+ {[%clk 0:00:25]} 93. Qd7
{[%clk 0:00:21]} Qc3+ {[%clk 0:00:27]} 94. Kb8 {[%clk 0:00:20]} Qg3+
{[%clk 0:00:28]} 95. Qc7 {[%clk 0:00:20]} Qf3 {[%clk 0:00:27]} 96. b7
{[%clk 0:00:19]} Qb3 {[%clk 0:00:28]} 97. Kc8 {[%clk 0:00:19]} 1-0

[Event "Blitz 2018"]
[Site "Saint-Petersburg"]
[Date "2018.12.29"]
[Round "3"]
[Board "86"]
[White "Lobanov Sergei (RUS)"]
[Black "Rakhmanov Aleksandr (RUS)"]
[Result "0-1"]
[LiveChessVersion "1.4.8"]
[BlackElo "2615"]
[WhiteElo "2434"]

1. e4 {[%clk 0:03:03]} c5 {[%clk 0:03:03]} 2. Nf3 {[%clk 0:03:04]} Nf6
{[%clk 0:03:04]} 3. e5 {[%clk 0:03:05]} Nd5 {[%clk 0:03:05]} 4. Nc3
{[%clk 0:03:06]} Nxc3 {[%clk 0:03:06]} 5. dxc3 {[%clk 0:03:08]} Nc6
{[%clk 0:03:06]} 6. Bf4 {[%clk 0:03:00]} Qb6 {[%clk 0:03:07]} 7. Qc1
{[%clk 0:02:58]} e6 {[%clk 0:03:07]} 8. Bd3 {[%clk 0:02:55]} h6 {[%clk 0:03:07]}
9. h4 {[%clk 0:02:47]} Be7 {[%clk 0:03:08]} 10. h5 {[%clk 0:02:46]} Bf8
{[%clk 0:03:08]} 11. O-O {[%clk 0:02:41]} Qc7 {[%clk 0:03:10]} 12. Bg3
{[%clk 0:02:39]} b6 {[%clk 0:03:11]} 13. Qe3 {[%clk 0:02:14]} Bb7
{[%clk 0:03:11]} 14. Nd2 {[%clk 0:02:12]} d5 {[%clk 0:02:56]} 15. exd6
{[%clk 0:02:03]} Bxd6 {[%clk 0:02:56]} 16. Bxd6 {[%clk 0:01:57]} Qxd6
{[%clk 0:02:57]} 17. Nc4 {[%clk 0:01:57]} Qd5 {[%clk 0:02:18]} 18. Qg3
{[%clk 0:01:38]} O-O-O {[%clk 0:02:00]} 19. Rad1 {[%clk 0:01:34]} Qg5
{[%clk 0:01:56]} 20. Be4 {[%clk 0:00:42]} Qxg3 {[%clk 0:01:45]} 21. fxg3
{[%clk 0:00:43]} Rxd1 {[%clk 0:01:25]} 22. Rxd1 {[%clk 0:00:45]} Rd8
{[%clk 0:01:20]} 23. Nd6+ {[%clk 0:00:43]} Kc7 {[%clk 0:00:44]} 24. Nb5+
{[%clk 0:00:44]} Kb8 {[%clk 0:00:44]} 25. Nd6 {[%clk 0:00:18]} Na5
{[%clk 0:00:20]} 26. b4 {[%clk 0:00:04]} Bxe4 {[%clk 0:00:09]} 27. bxa5
{[%clk 0:00:05]} Bxc2 {[%clk 0:00:08]} 28. Rd2 {[%clk 0:00:07]} Ba4
{[%clk 0:00:04]} 29. axb6 {[%clk 0:00:08]} axb6 {[%clk 0:00:05]} 30. Kf2
{[%clk 0:00:09]} Kc7 {[%clk 0:00:05]} 31. Nc4 {[%clk 0:00:08]} Rxd2+
{[%clk 0:00:06]} 32. Nxd2 {[%clk 0:00:09]} Bc6 {[%clk 0:00:07]} 33. g4
{[%clk 0:00:08]} b5 {[%clk 0:00:08]} 34. g3 {[%clk 0:00:09]} Kb6 {[%clk 0:00:10]}
35. Ke3 {[%clk 0:00:07]} Bd5 {[%clk 0:00:10]} 36. a3 {[%clk 0:00:07]} Ka5
{[%clk 0:00:11]} 37. Kf4 {[%clk 0:00:04]} f6 {[%clk 0:00:12]} 0-1

[Event "Blitz 2018"]
[Site "Saint-Petersburg"]
[Date "2018.12.29"]
[Round "3"]
[Board "87"]
[White "Zaitsev Alexander (RUS)"]
[Black "Sychev Klementy (RUS)"]
[Result "0-1"]
[BlackElo "2594"]
[WhiteElo "2402"]
[LiveChessVersion "1.4.8"]

1. e4 {[%clk 0:03:04]} e5 {[%clk 0:03:04]} 2. Nc3 {[%clk 0:03:05]} Nf6
{[%clk 0:03:05]} 3. Bc4 {[%clk 0:03:06]} Nc6 {[%clk 0:03:03]} 4. d3
{[%clk 0:03:07]} Bb4 {[%clk 0:03:03]} 5. Nge2 {[%clk 0:03:08]} d5
{[%clk 0:03:05]} 6. exd5 {[%clk 0:03:10]} Nxd5 {[%clk 0:03:06]} 7. O-O
{[%clk 0:03:09]} Be6 {[%clk 0:03:06]} 8. Bxd5 {[%clk 0:03:05]} Bxd5
{[%clk 0:03:07]} 9. f4 {[%clk 0:03:03]} f6 {[%clk 0:03:08]} 10. fxe5
{[%clk 0:02:50]} Nxe5 {[%clk 0:03:06]} 11. d4 {[%clk 0:02:32]} Nc6
{[%clk 0:02:58]} 12. Nxd5 {[%clk 0:02:08]} Qxd5 {[%clk 0:02:59]} 13. c3
{[%clk 0:01:58]} Bd6 {[%clk 0:02:59]} 14. Nf4 {[%clk 0:01:57]} Bxf4
{[%clk 0:02:50]} 15. Bxf4 {[%clk 0:01:58]} O-O-O {[%clk 0:02:47]} 16. Qf3
{[%clk 0:01:46]} Qxf3 {[%clk 0:02:39]} 17. Rxf3 {[%clk 0:01:46]} Rhe8
{[%clk 0:02:40]} 18. Kf2 {[%clk 0:01:38]} Rd7 {[%clk 0:02:23]} 19. Re3
{[%clk 0:01:34]} Rxe3 {[%clk 0:02:21]} 20. Bxe3 {[%clk 0:01:35]} a5
{[%clk 0:02:06]} 21. a4 {[%clk 0:01:35]} Re7 {[%clk 0:01:49]} 22. g4
{[%clk 0:01:34]} Kd7 {[%clk 0:01:27]} 23. Rg1 {[%clk 0:01:35]} Rf7
{[%clk 0:01:28]} 24. h4 {[%clk 0:01:35]} Ne7 {[%clk 0:01:28]} 25. c4
{[%clk 0:01:29]} Nc6 {[%clk 0:01:22]} 26. Bd2 {[%clk 0:01:09]} Nxd4
{[%clk 0:01:04]} 27. Bxa5 {[%clk 0:01:10]} Nc6 {[%clk 0:01:05]} 28. Bc3
{[%clk 0:01:11]} f5 {[%clk 0:00:57]} 29. g5 {[%clk 0:00:54]} g6 {[%clk 0:00:56]}
30. b4 {[%clk 0:00:50]} Re7 {[%clk 0:00:54]} 31. Rd1+ {[%clk 0:00:44]} Kc8
{[%clk 0:00:36]} 32. Bf6 {[%clk 0:00:16]} Re8 {[%clk 0:00:38]} 33. b5 Ne5 34. c5
{[%clk 0:00:09]} Ng4+ {[%clk 0:00:39]} 35. Kf3 {[%clk 0:00:03]} Ne5+ 36. Kf2 c6
{[%clk 0:00:36]} 37. h5 {[%clk 0:00:06]} Nd7 {[%clk 0:00:30]} 38. Bd4
{[%clk 0:00:05]} Re4 {[%clk 0:00:32]} 39. hxg6 {[%clk 0:00:05]} hxg6
{[%clk 0:00:33]} 40. Kf3 {[%clk 0:00:03]} Rg4 {[%clk 0:00:24]} 41. bxc6 bxc6
{[%clk 0:00:25]} 42. Bf6 {[%clk 0:00:05]} Nxc5 {[%clk 0:00:18]} 43. Rc1
{[%clk 0:00:06]} Ne6 {[%clk 0:00:15]} 44. Rxc6+ {[%clk 0:00:07]} Kd7
{[%clk 0:00:17]} 45. Ra6 {[%clk 0:00:08]} Nxg5+ {[%clk 0:00:14]} 46. Ke2
{[%clk 0:00:07]} Ne4 {[%clk 0:00:14]} 47. Be5 {[%clk 0:00:08]} Nc5
{[%clk 0:00:14]} 48. Rd6+ Ke7 {[%clk 0:00:14]} 49. a5 {[%clk 0:00:09]} Re4+
{[%clk 0:00:15]} 50. Kf3 {[%clk 0:00:09]} Rxe5 {[%clk 0:00:16]} 51. Rxg6
{[%clk 0:00:10]} Ne6 {[%clk 0:00:16]} 52. Rg8 {[%clk 0:00:10]} Rxa5
{[%clk 0:00:17]} 53. Ke4 0-1

[Event "Blitz 2018"]
[Site "Saint-Petersburg"]
[Date "2018.12.29"]
[Round "3"]
[Board "88"]
[White "Gordievsky Dmitry (RUS)"]
[Black "Chen Qi B (CHN)"]
[Result "1/2-1/2"]
[BlackElo "2416"]
[WhiteElo "2591"]
[LiveChessVersion "1.4.8"]

1. Nf3 {[%clk 0:03:05]} Nf6 {[%clk 0:03:04]} 2. g3 {[%clk 0:03:07]} g6
{[%clk 0:03:05]} 3. b3 {[%clk 0:03:08]} Bg7 {[%clk 0:03:02]} 4. Bb2
{[%clk 0:03:09]} O-O {[%clk 0:03:01]} 5. Bg2 {[%clk 0:03:10]} d5 {[%clk 0:03:00]}
6. c4 {[%clk 0:03:11]} Nc6 {[%clk 0:03:00]} 7. cxd5 {[%clk 0:02:57]} Nxd5
{[%clk 0:02:56]} 8. Bxg7 {[%clk 0:02:47]} Kxg7 {[%clk 0:02:57]} 9. d4
{[%clk 0:02:45]} Bg4 {[%clk 0:02:49]} 10. O-O {[%clk 0:02:43]} Qd6
{[%clk 0:02:45]} 11. Qd2 {[%clk 0:02:25]} Rad8 {[%clk 0:02:24]} 12. e4
{[%clk 0:02:07]} Bxf3 {[%clk 0:02:13]} 13. Bxf3 {[%clk 0:02:06]} Nb6
{[%clk 0:02:13]} 14. d5 {[%clk 0:02:01]} Qf6 {[%clk 0:02:13]} 15. Qc3
{[%clk 0:01:50]} Nd4 {[%clk 0:02:00]} 16. Bd1 {[%clk 0:01:41]} c6
{[%clk 0:01:58]} 17. dxc6 {[%clk 0:01:38]} Rc8 {[%clk 0:01:50]} 18. c7
{[%clk 0:01:27]} Na8 {[%clk 0:01:29]} 19. Kg2 {[%clk 0:00:48]} Rxc7
{[%clk 0:01:30]} 20. Qb2 {[%clk 0:00:45]} e5 {[%clk 0:01:24]} 21. Nc3
{[%clk 0:00:43]} Nb6 {[%clk 0:01:23]} 22. a4 {[%clk 0:00:35]} Rfc8
{[%clk 0:01:23]} 23. Nb5 {[%clk 0:00:33]} Nxb5 {[%clk 0:01:12]} 24. axb5
{[%clk 0:00:34]} Ra8 {[%clk 0:01:06]} 25. f4 {[%clk 0:00:30]} exf4
{[%clk 0:01:01]} 26. Qxf6+ {[%clk 0:00:29]} Kxf6 {[%clk 0:01:02]} 27. gxf4
{[%clk 0:00:29]} a6 {[%clk 0:00:50]} 28. bxa6 {[%clk 0:00:23]} Rxa6
{[%clk 0:00:51]} 29. Rxa6 {[%clk 0:00:24]} bxa6 {[%clk 0:00:52]} 30. Be2
{[%clk 0:00:21]} Rc3 {[%clk 0:00:51]} 31. Ra1 {[%clk 0:00:16]} Rxb3
{[%clk 0:00:41]} 32. Rxa6 {[%clk 0:00:17]} g5 {[%clk 0:00:36]} 33. fxg5+
{[%clk 0:00:06]} Kxg5 {[%clk 0:00:37]} 34. Ra7 {[%clk 0:00:06]} Kg6
{[%clk 0:00:30]} 35. Rb7 {[%clk 0:00:06]} Rb4 {[%clk 0:00:27]} 36. Bd3
{[%clk 0:00:05]} Kf6 {[%clk 0:00:26]} 37. e5+ {[%clk 0:00:06]} Kxe5
{[%clk 0:00:23]} 38. Rxf7 {[%clk 0:00:06]} Rh4 {[%clk 0:00:14]} 39. Bxh7
{[%clk 0:00:05]} Nd5 {[%clk 0:00:15]} 40. Bc2 {[%clk 0:00:03]} Ne3+
{[%clk 0:00:16]} 41. Kg3 {[%clk 0:00:04]} Rh6 {[%clk 0:00:07]} 42. Re7+
{[%clk 0:00:05]} Re6 {[%clk 0:00:08]} 43. Rxe6+ {[%clk 0:00:06]} Kxe6
{[%clk 0:00:09]} 44. Bd3 {[%clk 0:00:05]} Kf6 {[%clk 0:00:09]} 45. Kf4
{[%clk 0:00:06]} Nd5+ {[%clk 0:00:10]} 46. Kg4 {[%clk 0:00:07]} Kg7
{[%clk 0:00:11]} 47. Kf5 1/2-1/2

[Event "Blitz 2018"]
[Site "Saint-Petersburg"]
[Date "2018.12.29"]
[Round "3"]
[Board "89"]
[White "Gasanov Eldar (UKR)"]
[Black "Kobo Ori (ISR)"]
[Result "1-0"]
[BlackElo "2401"]
[WhiteElo "2581"]
[LiveChessVersion "1.4.8"]

1. d4 {[%clk 0:03:02]} Nf6 {[%clk 0:03:03]} 2. c4 {[%clk 0:03:02]} e6
{[%clk 0:03:04]} 3. Nf3 {[%clk 0:02:57]} Bb4+ {[%clk 0:03:05]} 4. Nc3
{[%clk 0:02:58]} b6 {[%clk 0:03:04]} 5. Qb3 {[%clk 0:02:57]} c5 {[%clk 0:02:57]}
6. Bg5 {[%clk 0:02:58]} h6 {[%clk 0:02:46]} 7. Bh4 {[%clk 0:02:58]} g5
{[%clk 0:02:34]} 8. Bg3 {[%clk 0:02:58]} Ne4 {[%clk 0:02:35]} 9. e3
{[%clk 0:02:45]} Bb7 {[%clk 0:02:30]} 10. Bd3 {[%clk 0:02:41]} Bxc3+
{[%clk 0:02:28]} 11. bxc3 {[%clk 0:02:42]} f5 {[%clk 0:02:22]} 12. d5
{[%clk 0:02:34]} O-O {[%clk 0:02:07]} 13. Bxe4 {[%clk 0:02:28]} fxe4
{[%clk 0:02:08]} 14. Nd2 {[%clk 0:02:29]} d6 {[%clk 0:01:36]} 15. Nxe4 e5 16. h4
{[%clk 0:02:10]} g4 {[%clk 0:01:36]} 17. h5 {[%clk 0:02:10]} Bc8 {[%clk 0:01:30]}
18. Bh4 Qc7 19. Nf6+ {[%clk 0:02:00]} Kh8 {[%clk 0:01:01]} 20. Qc2
{[%clk 0:02:00]} Qg7 {[%clk 0:01:00]} 21. Qg6 {[%clk 0:01:56]} Qxg6 22. hxg6
{[%clk 0:01:57]} Bf5 {[%clk 0:00:55]} 23. Nh5 {[%clk 0:01:50]} Bxg6
{[%clk 0:00:44]} 24. Be7 {[%clk 0:01:51]} Rf7 {[%clk 0:00:36]} 25. Bxd6
{[%clk 0:01:46]} Nd7 {[%clk 0:00:38]} 26. Ng3 {[%clk 0:01:39]} Kg7
{[%clk 0:00:38]} 27. Ke2 {[%clk 0:01:32]} Rc8 {[%clk 0:00:30]} 28. Rh4
{[%clk 0:01:24]} Rf6 {[%clk 0:00:31]} 29. Be7 {[%clk 0:01:12]} Rf7
{[%clk 0:00:32]} 30. d6 {[%clk 0:01:03]} e4 {[%clk 0:00:33]} 31. Rxg4 Ne5 32. Rf4
{[%clk 0:00:53]} Rxf4 {[%clk 0:00:13]} 33. exf4 Nd7 34. f5 Bf7 35. Nxe4
{[%clk 0:00:48]} Bxc4+ 36. Ke3 b5 {[%clk 0:00:10]} 37. g4 {[%clk 0:00:48]} a5
{[%clk 0:00:10]} 38. f4 {[%clk 0:00:48]} b4 {[%clk 0:00:12]} 39. g5
{[%clk 0:00:48]} a4 {[%clk 0:00:10]} 40. g6 {[%clk 0:00:37]} b3 {[%clk 0:00:05]}
41. axb3 {[%clk 0:00:37]} axb3 {[%clk 0:00:05]} 42. Rg1 {[%clk 0:00:33]} b2
{[%clk 0:00:04]} 43. f6+ {[%clk 0:00:35]} Kh8 {[%clk 0:00:05]} 44. f7
{[%clk 0:00:30]} Kg7 {[%clk 0:00:04]} 45. f5 {[%clk 0:00:28]} Rb8
{[%clk 0:00:05]} 46. f6+ {[%clk 0:00:29]} 1-0